MLB The Show 23 Diamond Dynasty all Blue Jays Cards - Statistics

General Stats
  • This quiz has been taken 29 times
    25 since last reset
  • The average score is 25 of 59
Answer Stats
Overall Series Main Position Jersey Number Current Player? On Jays? Answer % Correct
99 Topps Now First Bade 27 Yes Yes Vladimir Guerrero Jr.
95%
99 2023 Finest First Base 27 Yes Yes Vladimir Guerrero Jr.
95%
99 2023 Home Run Derby First Base 27 Yes Yes Vladimir Guerrero Jr.
95%
96 Kaiju First Base 27 Yes Yes Vladimir Guerrero Jr.
95%
92 Captain First Base 27 Yes Yes Vladimir Guerrero Jr.
95%
99 2023 Finest Shortstop 11 Yes Yes Bo Bichette
89%
99 2023 All-Star Shortstop 11 Yes Yes Bo Bichette
89%
97 Charisma Shortstop 11 Yes Yes Bo Bichette
89%
95 Incognito Shortstop 11 Yes Yes Bo Bichette
89%
99 Player of the Month Third Base 26 Yes No Matt Chapman
63%
97 Incognito Third Base 26 Yes No Matt Chapman
63%
99 Incognito Third Base 20 Yes No Josh Donaldson
58%
97 Home Run Derby Third Base 20 Yes No Josh Donaldson
58%
99 Great Race of '98 First Base 25 No N/A Carlos Delgado
53%
97 Home Run Derby First Base 25 No N/A Carlos Delgado
53%
88 Captain First Base 25 No N/A Carlos Delgado
53%
97 2023 Finest Right Field 4 Yes Yes George Springer
53%
97 Charisma Right Field 4 Yes Yes George Springer
53%
99 2023 Finest Starting Pitcher 34 Yes Yes Kevin Gausman
53%
97 2023 All-Star Starting Pitcher 34 Yes Yes Kevin Gausman
53%
92 Captain Starting Pitcher 34 Yes Yes Kevin Gausman
53%
99 Milestone Starting Pitcher 32 No N/A Roy Halladay
53%
92 Captain Starting Pitcher 32 No N/A Roy Halladay
53%
97 Snapshot Catcher 30 Yes Yes Alejandro Kirk
47%
92 Captain Catcher 30 Yes Yes Alejandro Kirk
47%
93 Kaiju Second Base 8 Yes Yes Cavan Biggio
47%
97 Incognito Starting Pitcher 17 Yes Yes Jose Berrios
42%
95 Captain Starting Pitcher 17 Yes Yes Jose Berrios
42%
99 Finest Right Field 29 No N/A Joe Carter
37%
95 Captain Right Field 29 No N/A Joe Carter
37%
95 Kaiju Right Field 29 No N/A Joe Carter
37%
84 All-Star Right Field 29 No N/A Joe Carter
37%
95 Captain Closing Pitcher 68 Yes Yes Jordan Romano
32%
98 2023 Postseason Center Field 39 Yes Yes Kevin Kiermaier
32%
99 Great Race of '98 Right Field 15 No N/A Shawn Green
32%
97 Kaiju Right Field 15 No N/A Shawn Green
32%
97 Kaiju Left Field 25 Yes Yes Daulton Varsho
26%
94 Monthly Awards Left Field 37 Yes No Teoscar Hernandez
26%
99 Finest Closing Pitcher 50 No N/A Tom Henke
26%
97 Incognito Closing Pitcher 50 No N/A Tom Henke
26%
95 Captain Closing Pitcher 50 No N/A Tom Henke
26%
92 Captain Starting Pitcher 6 Yes Yes Alek Manoah
21%
90 Topps Now Catcher 9 Yes Yes Danny Jansen
21%
95 Topps Now Second Base 36 Yes Yes Davis Schneider
21%
90 Topps Now Flashback Second Base 13 Yes No Lourdes Gurriel Jr.
21%
95 Captain Starting Pitcher 6 Yes No Marcus Stroman
21%
97 Home Run Derby Third Base 25 No N/A Troy Glaus
21%
84 All-Star Third Base 25 No N/A Troy Glaus
21%
98 Monthly Awards Second Base 15 Yes No Whit Merrifield
21%
95 Topps Now Starting Pitcher 40 Yes Yes Chris Bassitt
16%
96 Monthly Awards Relief Pitcher 50 Yes Yes Erik Swanson
16%
97 2023 Postseason Second Base 5 Yes Yes Santiago Espinal
16%
97 Monthly Awards Starting Pitcher 16 Yes Yes Yusei Kikuchi
16%
94 Future Stars Starting Pitcher 32 Yes Yes (MiLB) Ricky Tiedemann
11%
97 2023 Finest Relief Pitcher 58 Yes Yes Tim Mayza
11%
93 Incognito Closing Pitcher 51 No N/A Ken Giles
0%
89 Veteran Closing Pitcher 51 No N/A Ken Giles
0%
94 Future Stars Starting Pitcher 24 Yes Yes Nate Pearson
0%
91 Topps Now First Base 48 Yes Yes Spencer Horwitz
0%
No matching quizzes found
Score Distribution
Percent of People with Each Score
Percentile by Number Answered
Your Score History
You have not taken this quiz since the last reset